00526nam a2200193Ia 450000500170000000800410001702000220005804100080008008200160008810000130010424500690011725000120018626000350019830000210023344000060025450000300026065000290029070000130031920230414125933.0230125s9999 xx 000 0 und d a978-93-81695-73-9 aeng a302.35bKUM aKumar S. aOrganisational Behaviour : A Research And Theory Based Text Book a2nd Ed. c2004bGlobal VisionaNew Delhi a274pcPaper Back v2 aOrganizational Behaviour  aOrganizational Behaviour aKumar S.